مرزا غالب / (Record no. 106851)

MARC details
000 -LEADER
fixed length control field 00849nam a22002657a 4500
005 - DATE AND TIME OF LATEST TRANSACTION
control field 20170123162318.0
010 ## - LIBRARY OF CONGRESS CONTROL NUMBER
LC control number 543749
020 ## - INTERNATIONAL STANDARD BOOK NUMBER
Terms of availability 8.00
035 ## - SYSTEM CONTROL NUMBER
System control number 543749
037 ## - SOURCE OF ACQUISITION
Source of stock number/acquisition Cen Lib/Ret
040 ## - CATALOGING SOURCE
Original cataloging agency DPL
Language of cataloging UR
082 ## - DEWEY DECIMAL CLASSIFICATION NUMBER
Classification number 841.08
Item number غ ا ل
245 ## - TITLE STATEMENT
Title مرزا غالب /
Remainder of title مرتب آمریت یعل عشرت
246 ## - VARYING FORM OF TITLE
Title proper/short title Mirza ghalib /
Remainder of title edited by Amrat Yaal Ishrat
260 ## - PUBLICATION, DISTRIBUTION, ETC. (IMPRINT)
Place of publication, distribution, etc یو پی
Name of publisher, distributor, etc پرشوتم سنگھ سیٹھی
Date of publication, distribution, etc 1969
270 ## - ADDRESS
City یو پی
300 ## - PHYSICAL DESCRIPTION
Extent 220p.
Dimensions 21cm(Hb)
490 ## - SERIES STATEMENT
Series statement غالب سلسلہ جشن کمیٹی
650 ## - SUBJECT ADDED ENTRY--TOPICAL TERM
Topical term or geographic name as entry element اردو ادب
9 (RLIN) 115603
650 ## - SUBJECT ADDED ENTRY--TOPICAL TERM
Topical term or geographic name as entry element اردو سوانح عمری
9 (RLIN) 115604
650 ## - SUBJECT ADDED ENTRY--TOPICAL TERM
Topical term or geographic name as entry element Urdu literature
9 (RLIN) 115605
650 ## - SUBJECT ADDED ENTRY--TOPICAL TERM
Topical term or geographic name as entry element Urdu biography
9 (RLIN) 511
700 ## - ADDED ENTRY--PERSONAL NAME
Personal name آمریت یعل عشرت
9 (RLIN) 115606
942 ## - ADDED ENTRY ELEMENTS (KOHA)
Source of classification or shelving scheme Dewey Decimal Classification
Koha item type Urdu Bks
Classification part 841.08
Call number suffix غ ا ل
Holdings
Withdrawn status Lost status Damaged status Not for loan Home library Current library Date acquired Source of acquisition Cost, normal purchase price Total Checkouts Total Renewals Full call number Barcode Date last seen Date checked out Copy number Cost, replacement price Price effective from Koha item type
        Central Library Central Library 30/12/2015 Cen Lib/Ret 8.00 1 2 841.08 غ ا ل 543749 01/06/2022 23/03/2022 1 8.00 30/12/2015 Urdu Bks

© Delhi Public Library
Hit Counter
free hit counter